Paesi dell'Unione Europea - Statistics

Statistiche generali
  • Questo quiz è stato fatto 160 volte
  • Il punteggio medio è 22 su 28
Statistiche sulle risposte
Paesi dell'Unione Europea % Corretto
Italia
99%
Spagna
97%
Portogallo
95%
Belgio
92%
Francia
92%
Germania
92%
Finlandia
91%
Svezia
91%
Paesi Bassi
88%
Polonia
87%
Austria
86%
Grecia
86%
Slovenia
86%
Lussemburgo
84%
Croazia
83%
Danimarca
82%
Irlanda
81%
Repubblica Ceca
81%
Romania
80%
Estonia
79%
Lettonia
79%
Slovacchia
79%
Lituania
78%
Bulgaria
76%
Regno Unito
71%
Malta
62%
Cipro
50%
Ungharia
3%
Nessun quiz corrispondente trovato
Distribuzione punteggi
Percentuale di utenti per punteggio
Percentile per numero di risposta
I tuoi punteggi nel tempo
Non hai fatto questo quiz